Normal view
MARC view
- CIRCUIT TECHNIQUES-ANALOG
Entry Topical Term
001 - CONTROL NUMBER
- control field: 60561
003 - CONTROL NUMBER IDENTIFIER
- control field: NUST
005 - DATE AND TIME OF LATEST TRANSACTION
- control field: 20210628202557.0
008 - FIXED-LENGTH DATA ELEMENTS
- fixed length control field: 210628|| aca||aabn | a|a d
040 ## - CATALOGING SOURCE
- Original cataloging agency: NUST
- Transcribing agency: NUST
150 ## - HEADING--TOPICAL TERM
- Topical term or geographic name entry element: CIRCUIT TECHNIQUES-ANALOG
670 ## - SOURCE DATA FOUND
- Source citation: Work cat.: (NUST): Wilmshurst, T.H 60560, Analog circuit techniques, with digital interfacing, 2001
